Werder Bremen: Alle Torschützen der 2000er - Statistiken

Allgemein
  • Dieses Quiz wurde 374 mal gespielt
  • Das Durchschnittsergebnis liegt bei 31 aus 50
Antwortstatistiken
Pos. Nat. Spieler % Korrekt
ST BRA Ailton
95%
ST PER Claudio Pizarro
93%
MIT BRA Diego
92%
MIT FRA Johan Micoud
90%
VER BRA Naldo
89%
ST CRO Ivan Klasnic
86%
ST POR Hugo Almeida
85%
ST SWE Markus Rosenberg
85%
VER GER Per Mertesacker
84%
ST GER Miroslav Klose
83%
TW GER Frank Rost
81%
MIT GER Torsten Frings
81%
ST GRE Angelos Charisteas
78%
ST PAR Nelson Valdez
78%
MIT GER Tim Borowski
78%
MIT GER Frank Baumann
77%
ST EGY Mohamed Zidan
77%
MIT DEN Daniel Jensen
75%
MIT GER Mesut Özil
75%
VER FIN Petri Pasanen
75%
VER UKR Viktor Skripnik
70%
VER FRA Valerien Ismael
69%
MIT GER Clemens Fritz
67%
MIT GER Aaron Hunt
65%
ST CIV Boubacar Sanogo
65%
VER CAN Paul Stalteri
65%
VER AUT Sebastian Prödl
65%
ST GER Marco Bode
62%
ST AUT Martin Harnik
62%
MIT AUT Andreas Herzog
61%
MIT CRO Jurica Vranjes
60%
MIT GER Fabian Ernst
57%
MIT GER Marko Marin
57%
VER CAM Pierre Wome
56%
VER SRB Mladen Krstajic
55%
VER NED Frank Verlaat
54%
VER POL Sebastian Boenisch
53%
MIT HUN Krisztian Lisztes
51%
VER SUI Ludovic Magnin
51%
VER GER Christian Schulz
48%
VER GER Frank Fahrenhorst
45%
MIT GRE Alexandros Tziolis
40%
MIT DEN Leon Andreasen
35%
ST SRB Rade Bogdanovic
28%
ST COL John Mosquera
27%
MIT GER Peter Niemeyer
26%
ST GER Markus Daun
25%
MIT CRO Ivica Banovic
22%
MIT GER Holger Wehlage
16%
VER BEL Jelle Damme
16%
Keine übereinstimmenden Quizze gefunden
Verteilung der Resultate
Anzahl Personen mit jedem Resultat
Perzentil nach korrekt beantworteten Fragen
Ihre Resultats-Entwicklung
Sie haben dieses Quiz noch nicht gespielt